Szczegóły MARC21

Zwischen Wissenschaftsdiskurs und Kulturpolitik : Adalbert Stifter-Rezeption in Böhmen um 1900 / Karoline Riener.

003 -Nazwa inst., której nr kontr. jest w polu 001 [,]
    • @
    • Nazwa instytucji, której n kontrolny jest w polu 001
    • NUKAT
005 -DATA I CZAS OSTATNIEJ MODYFIKACJI [,]
    • @
    • pole kontrolne
    • 20241231111026.0
020 -Międzynarod. znormalizowany nr książki - ISBN [ , ]
    • a
    • Numer ISBN
    • 9783837502695 Find
040 -Instytucja sporządzająca opis [ , ]
    • a
    • Instytucja, która sporządziła opis (NP)
    • SZCZ U/AB
    • b
    • Język katalogowania
    • pol
    • e
    • Zasady katalogowania
    • rda
    • c
    • Instytucja, która sporządziła rekord (NP)
    • SZCZ U/ABs
942 -Rodzaj dokumentu [ , ]
    • c
    • Rodzaj dokumentu
    • Książka
100 -Hasło główne - nazwa osobowa [1, ]
    • a
    • Nazwa osobowa (NP)
    • Riener, Karoline.
    • e
    • Rodzaj współpracy
    • Autor
    • 9
    • KHW
    • 495547
245 -Strefa tytułu i oznaczenia odpowiedzialności [1,0]
    • a
    • Tytuł
    • Zwischen Wissenschaftsdiskurs und Kulturpolitik : Find
    • b
    • Ciąg dalszy tytułu (NP)
    • Adalbert Stifter-Rezeption in Böhmen um 1900 / Karoline Riener. Find
250 -Strefa wydania [ , ]
    • a
    • Oznaczenie wydania (NP)
    • 1. Auflage.
260 -Strefa adresu wydawniczego [ , ]
    • a
    • Miejsce wydania (P)
    • Essen :
    • b
    • Nazwa wydawcy (P)
    • Klartext,
    • c
    • Data wydania (P)
    • 2010.
300 -Strefa opisu fizycznego [ , ]
    • a
    • Określenie formy książki i/lub objętość (NP)
    • 259 stron ;
    • c
    • Format (NP)
    • 22 cm.
336 -Typ zawartości [ , ]
    • a
    • Termin opisujący typ zawartości
    • Tekst
    • b
    • Kod określający zawartość
    • txt
    • 2
    • Źródło (terminu i kodu)
    • rdacontent
337 -Typ mediów [ , ]
    • a
    • Tryb odtwarzania
    • Bez urządzenia pośredniczącego
    • b
    • Kod typu mediów
    • n
    • 2
    • Źródło (terminu i kodu)
    • rdamedia
338 -Typ/rodzaj nośnika [ , ]
    • a
    • Hasło opisujące typ nośnika
    • Wolumin
    • b
    • Kod typu nośnika
    • nc
    • 2
    • Źródło (terminu i kodu)
    • rdacarrier
490 -Strefa serii i książki wielotomowej - forma nie do wyszukiwania [1, ]
    • a
    • Tytuł (P)
    • Düsseldorfer Schriften zur Literatur- und Kulturwissenschaft ; Find
    • v
    • Numeracja (P)
    • Bd. 8
830 -Hasło dodatkowe serii i opisu książki wielotomowej - tytuł ujednolicony/tytuł [ ,0]
    • a
    • Tytuł ujednolicony/tytuł (NP)
    • Düsseldorfer Schriften zur Literatur- und Kulturwissenschaft
    • v
    • Oznaczenie tomu (NP)
    • Bd. 8
    • 9
    • KHW
    • 490114
502 -Uwaga dot. dysertacji [ , ]
    • a
    • Uwaga dot. dysertacji
    • Praca doktorska. Heinrich-Heine-Universität Düsseldorf, 2009.
504 -Uwaga dot. bibliogr. załącznikowej [ , ]
    • a
    • Uwaga dot. bibliografii załącznikowej
    • Bibliografia na stronach 240-259.
536 -Uwaga dot. finansowania książki [ , ]
    • a
    • Tekst uwagi
    • Diese Veröffentlichung wurde gefördert durch ein Immanuel-Kant-Stipendium des Beauftragten der Bundesregierung für Kultur und Medien (BKM)
600 -Hasło przedmiotowe w formie nazwy osobowej [1,7]
    • a
    • Nazwa osobowa
    • Stifter, Adalbert
    • d
    • Daty związane z nazwą
    • (1805-1868).
    • 2
    • Źródło terminu
    • kaba
    • 9
    • KHW
    • 253201
600 -Hasło przedmiotowe w formie nazwy osobowej [1,7]
    • a
    • Nazwa osobowa
    • Stifter, Adalbert
    • d
    • Daty związane z nazwą
    • (1805-1868)
    • x
    • Określnik rzeczowy
    • wpływ.
    • 2
    • Źródło terminu
    • kaba
    • 9
    • KHW
    • 499332
600 -Hasło przedmiotowe w formie nazwy osobowej [1,7]
    • a
    • Nazwa osobowa
    • Sauer, August
    • d
    • Daty związane z nazwą
    • (1855-1926).
    • 2
    • Źródło terminu
    • kaba
    • 9
    • KHW
    • 493587
650 -Hasło przedmiotowe [ ,7]
    • a
    • Hasło przedmiotowe
    • Literatura czeska
    • x
    • Określnik rzeczowy
    • wpływ austriacki.
    • 2
    • Źródło terminu
    • kaba
    • 9
    • KHW
    • 499248
650 -Hasło przedmiotowe [ ,7]
    • a
    • Hasło przedmiotowe
    • Literatura czeska
    • x
    • Określnik rzeczowy
    • wpływ niemiecki.
    • 2
    • Źródło terminu
    • kaba
    • 9
    • KHW
    • 496153
710 -Hasło dodatkowe - nazwa ciała zbiorowego [2, ]
    • a
    • Nazwa ciała zbiorowego lub nazwa geograficzna jako pierwszy element (NP)
    • Klartext Verlag.
    • e
    • Rodzaj współpracy
    • Wydawca
    • 4
    • Kod relacji
    • pbl
    • 9
    • KHW
    • 461601
920 -ISBN [ , ]
    • a
    • ISBN
    • 978-3-8375-0269-5 Find
Sygnatura Status udost. Numer inwentarzowy Lokalizacja Data inwentaryzacji
Germ.Literaturozn.-Stifter 06-3G.20122BM2019-03-11